00704nam a2200241 a 4500001001300000003000900013005001700022008004100039020001000080082001800090100002300108245003300131260004400164300000900208500003500217505002000252650001900272700002300291902000800314942000700322952011800329999001500447nice12345678IN_TiNIC20260116011852.0050524s1895 lona grp 000 0 eng  ac10000a294.3923bWAD aWaddell, L Austine aBuddhism of Tibet Or Lamaism aLondonbW H Allen and Co. Limitedc1895 a598p aincludes index and biblioraphy2 aindex, appendix aBuddhism-Tibet1 aWaddell, L Austine bSRS cBK 001040708StackRoom-aHMIbHMId2007-07-20g100.00l0o294.3923 WADp09316r2007-07-20v100.00w2005-05-24yBK c4579d4579